000 00945cab a2200217 4500
001 ABS68475
008 041125n2004 000 0 eng u
035 _a(Sirsi) u128127
100 _aSpring, M.
245 _aExorcising the ghost town
260 _c2004
490 _aBuilding
_v269(8356) 5 November 2004, 44-49(4)
520 _aExamines the regeneration of Coventry. This is being driven by the city council which is supporting many types of urban regeneration including use of brownfield sites and revitalisation of rundown areas in its development plan. This extends up to 2011 and has a budget of around £4bn. Coventry's advantages include being strategically well placed with superb access by road and rail and a large skilled labour force.
590 _aABS
650 _aCOVENTRY
650 _aDEVELOPMENT PLANNING
650 _aSUSTAINABLE DEVELOPMENT
650 _aCITY CENTRES
690 _aREGENERATION
942 _n0
999 _c74629
_d74629